000 01620cam a2200385 i 4500
999 _c58728
_d58728
001 18490388
005 20220708123736.0
008 150212s2016 mau b 001 0 eng
010 _a 2015933405
020 _a9781285866345
040 _aDLC
_beng
_erda
_cDLC
_dDLC
042 _apcc
050 0 0 _aHD58.8
_b.D135 2016
080 _a316+72.012 D-13
100 1 _aDaft, Richard L.,
_eauthor.
_914332
245 1 0 _aOrganization theory & design /
_cRichard L. Daft, Vanderbilt University.
246 3 _aOrganization theory and design
250 _a12e.
264 1 _aBoston, MA
_bCengage Learning,
_c[2016]
300 _axx, 667 pages ;
_c26 cm
336 _atext
_btxt
_2rdacontent
337 _aunmediated
_bn
_2rdamedia
338 _avolume
_bnc
_2rdacarrier
504 _aIncludes bibliographical references and indexes.
650 0 _aOrganization.
_914333
650 0 _aOrganizational sociology
_vCase studies.
_914334
650 0 _aორგანიზაციის თეორია და დიზაინი
_914335
650 0 _aორგანიზაციული სოციოლოგია
_914336
856 4 2 _3Contributor biographical information
_uhttp://www.loc.gov/catdir/enhancements/fy1604/2015933405-b.html
856 4 2 _3Publisher description
_uhttp://www.loc.gov/catdir/enhancements/fy1604/2015933405-d.html
856 4 1 _3Table of contents only
_uhttp://www.loc.gov/catdir/enhancements/fy1604/2015933405-t.html
906 _a7
_bcbc
_corigres
_d2
_encip
_f20
_gy-gencatlg
942 _2udc
_cBK
955 _brm08 2015-10-24 z-processor
_apc22 2015-02-12
_irm06 2020-11-10 to Dewey